[Event "Pan American-ch School U13 12th"]
[Site "Callao"]
[Date "2023.10.19"]
[Round "7"]
[White "Estrada Cantaro, Andre Fabio"]
[Black "Levano Loayza, Adriano Jaffet"]
[Result "0-1"]
[WhiteElo "1292"]
[BlackElo "1492"]
[PlyCount "122"]
[EventDate "2023.10.16"]
[EventType "swiss"]
[EventRounds "9"]
[EventCountry "PER"]
[SourceTitle "Mega2024 Update 01"]
[Source "Chessbase"]
[SourceDate "2023.11.12"]
[SourceVersion "1"]
[SourceVersionDate "2023.11.12"]
[SourceQuality "1"]

1. e4 c5 2. Nf3 d6 3. d4 cxd4 4. Nxd4 Nf6 5. Nc3 a6 6. Bc4 e6 7. Bb3 Nbd7 8. f4 Nc5 9. f5 Be7 10. 0-0 0-0 11. Qf3 Qc7 12. Bg5 Nxb3 13. Nxb3 Bd7 14. Qg3 Kh8 15. Rad1 Bc6 16. Bxf6 Bxf6 17. Qxd6 Qxd6 18. Rxd6 Be5 19. Rd3 b5 20. a3 Rfd8 21. Rxd8+ Rxd8 22. Na5 Ba8 23. fxe6 fxe6 24. Nb3 Kg8 25. Re1 Kf7 26. Kf2 Kg6 27. h3 Kg5 28. g3 Rf8+ 29. Kg2 h5 30. Nc5 Re8 31. Nxa6 Rd8 32. Re2 Rc8 33. Re3 Rd8 34. Rd3 Rc8 35. Nb4 Bxc3 36. Rxc3 Bxe4+ 37. Kf2 Rxc3 38. bxc3 Kf5 39. Nd3 g5 40. Ne1 Ke5 41. Nf3+ Bxf3 42. Kxf3 Kd5 43. Ke3 Kc4 44. Kd2 e5 45. g4 h4 46. Ke3 Kxc3 47. Ke4 Kxc2 48. Kf5 Kb3 49. Kxg5 Kxa3 50. Kxh4 e4 51. g5 b4 52. g6 b3 53. g7 b2 54. g8Q b1Q 55. Qa8+ Kb2 56. Qb7+ Kc1 57. Qxb1+ Kxb1 58. Kg3 Kc2 59. Kf2 Kd2 60. h4 e3+ 61. Kf3 e2 0-1

[Event "Pan American-ch School U13 12th"]
[Site "Callao"]
[Date "2023.10.16"]
[Round "1"]
[White "Alderete Yalico, Joseph Samuel"]
[Black "Levano Loayza, Adriano Jaffet"]
[Result "0-1"]
[WhiteElo "1108"]
[BlackElo "1492"]
[PlyCount "94"]
[EventDate "2023.10.16"]
[EventType "swiss"]
[EventRounds "9"]
[EventCountry "PER"]
[SourceTitle "Mega2024 Update 01"]
[Source "Chessbase"]
[SourceDate "2023.11.12"]
[SourceVersion "1"]
[SourceVersionDate "2023.11.12"]
[SourceQuality "1"]

1. e4 c5 2. Nf3 d6 3. d4 cxd4 4. Nxd4 Nf6 5. Nc3 a6 6. Bg5 e6 7. f4 Nbd7 8. Qd2 Qc7 9. h3 b5 10. a3 Bb7 11. Bd3 Be7 12. Qe2 Rc8 13. Nb3 h6 14. Bh4 Nxe4 15. Bxe7 Nxc3 16. Bxd6 Nxe2 17. Bxc7 Ng3 18. Ba5 Nxh1 19. 0-0-0 Nf2 20. Rd2 Nxd3+ 21. Rxd3 Bd5 22. Nd2 0-0 23. Rg3 Nc5 24. Bc3 f6 25. h4 Ne4 26. Nxe4 Bxe4 27. h5 Bf5 28. Kb1 Rc4 29. Ka2 Rxf4 30. Bd2 Rg4 31. Rc3 Rxg2 32. Bf4 e5 33. Bg3 Rc8 34. Rxc8+ Bxc8 35. Be1 Rxc2 36. Bc3 Rxc3 37. bxc3 Bg4 38. Kb3 Bxh5 39. Kb4 Be2 40. Ka5 h5 41. a4 bxa4 42. Kxa4 h4 43. c4 Bxc4 44. Ka5 h3 45. Ka4 h2 46. Ka5 h1Q 47. Ka4 Qb1 0-1

[Event "South America-ch 1st"]
[Site "Lima"]
[Date "2023.09.18"]
[Round "5"]
[White "Levano Loayza, Adriano Jaffet"]
[Black "Santiago Lastra, Nefi"]
[Result "1/2-1/2"]
[WhiteElo "1424"]
[BlackElo "1917"]
[PlyCount "143"]
[EventDate "2023.09.14"]
[EventType "swiss"]
[EventRounds "9"]
[EventCountry "PER"]
[SourceTitle "EXT 2024"]
[Source "ChessBase"]
[SourceDate "2023.10.10"]
[SourceVersion "1"]
[SourceVersionDate "2023.10.10"]
[SourceQuality "1"]

1. c4 Nf6 2. g3 g6 3. Bg2 Bg7 4. Nf3 0-0 5. 0-0 c6 6. d4 d6 7. b3 Bg4 8. Bb2 Qc8 9. Re1 Ne4 10. Nfd2 Nc5 11. Qc2 Nca6 12. a3 Bh3 13. Bh1 Nd7 14. Nf3 h6 15. Nbd2 Rd8 16. Rac1 Nc7 17. d5 c5 18. Bxg7 Kxg7 19. Qc3+ f6 20. Ne4 Nf8 21. b4 b6 22. Rcd1 Nh7 23. Rd3 Ne8 24. Red1 Kf7 25. Re3 Ng7 26. Qc1 Nf5 27. Red3 Ng5 28. Qf4 Nxe4 29. Qxe4 Ng7 30. Re3 Re8 31. Nh4 Bf5 32. Nxf5 Qxf5 33. Qh4 Qc2 34. Rf1 Nf5 35. Be4 Nxh4 36. Bxc2 Nf5 37. Bxf5 gxf5 38. bxc5 dxc5 39. Kg2 Rg8 40. Kf3 Rg4 41. Rc1 Rd4 42. Rd3 Re4 43. Re3 Rd4 44. Rd3 e5 45. dxe6+ Kxe6 46. Rxd4 cxd4 47. c5 Rc8 48. c6 Kd6 49. Kf4 Rxc6 50. Rd1 Rc4 51. Kxf5 Kc5 52. Kxf6 Rc2 53. Re1 d3 54. exd3 Rxf2+ 55. Ke5 Rxh2 56. d4+ Kc6 57. Ke6 Rd2 58. Rc1+ Kb5 59. d5 Re2+ 60. Kd7 Re3 61. Ra1 Rxg3 62. d6 Rg7+ 63. Kc8 Rg3 64. d7 Rc3+ 65. Kb7 Rd3 66. Kc7 Rc3+ 67. Kb7 Rd3 68. Kc7 Rc3+ 69. Kb7 Rd3 70. Kc7 Rc3+ 71. Kb7 Rd3 72. Kc7 1/2-1/2